000 00602nam a2200193Ia 4500
005 20250508164839.0
008 008 250505s9999 xx 000 0 eng d
037 _aDissertations
040 _aFEDL
_beng
_cFEDL
041 _aeng
_2eng
084 _a155.4, TUL/DI
_qFEDL
100 _aTulika Rajpal
_9779288
245 0 _aProcess of identity development and psychological well-being among the differently abled young adults
260 _c2008
300 _a131p.
546 _aM. Ed. Dissertation (Delhi University)
942 _cDIS
_h155.4, TUL/DI
999 _c1391554
_d1391554